00522nam a22001697a 450000500170000001000150001702000260003203500140005803700130007208200120008510000170009724500570011426000380017127001090020930000200031870000140033820191001152113.0 aENG-126589 a9788178440842c695.00 aEN-110121 bDBAD/PUB a954.031 aRanjan, Ravi aThe revolt of 1857/cby Ravi Ranjan [and] M.K. Singh aNew DelhibK.K. Pubicationsc2018 a4806/24, Bharat Ram RoadbDarya Ganj, New Delhie110002k011-23285167, 65185557minfo@kkpublications.com a290p.c22cm(Hb) aM.K.Singh